000 00807nam a2200229Ia 4500
003 OSt
005 20240911154720.0
008 220927b |||||||| |||| 00| 0 hin d
020 _cINR 995.00
_a9789387195141
024 _a140483
037 _b1406, 14/02/2019, Shivanjali Prakashan & Book Seller
_cTextual
040 _aSDCL
_cSDCL
_bhin
041 _2hin
_ahin
082 _aO152,2N:g(NT) Q8
100 _aRama
_9406996
245 0 _aHindi Rangmanch :
260 _aDelhi :
_bShivalik Prakashan,
_c2018.
300 _a300p.
_ccm.
650 _aHindi
_9391598
942 _hO152,2N:g(NT) Q8
_cTEXL
_2CC
999 _c727458
_d727458